Marvel Love Interests by Picture - Statistics

General Stats
  • This quiz has been taken 35 times
  • The average score is 7 of 14
Answer Stats
Picture Answer % Correct
Peggy Carter
97%
Gwen Stacy
91%
Mary Jane "MJ" Watson
88%
Sharon Carter
82%
Jane Foster
79%
Virginia "Pepper" Potts
56%
Betty Brant
41%
Liz Allen
29%
Alicia Masters
24%
Betty Ross
24%
Gloria Grant
18%
Karen Page
18%
Bruno Carrelli
9%
Dawn Greenwood
6%
No matching quizzes found
Score Distribution
Percent of People with Each Score
Percentile by Number Answered
Your Score History
You have not taken this quiz